Formula One Drivers by Career Path #1 - Statistics

General Stats
  • This quiz has been taken 15 times
  • The average score is 8 of 10
Answer Stats
Teams Answer % Correct
Minardi-Renault-McLaren-Renault-Ferrari-McLaren-Alpine-Aston Martin Fernando Alonso
100%
McLaren-Mercedes-Ferrari Lewis Hamilton
100%
Toleman-Lotus-McLaren-Williams Ayrton Senna
92%
Jordan-Benetton-Ferrari-Mercedes Michael Schumacher
92%
Williams-Mercedes-Sauber-Cadillac Valterri Bottas
92%
Force India-Sauber-Renault-Haas-Sauber-Audi Nico Hulkenberg
83%
Sauber-McLaren-Force India-Racing Point-Red Bull-Cadillac Sergio Perez
83%
Toro Rosso-Renault-McLaren-Ferrari-Williams Carlos Sainz
75%
Sauber-Ferrari Charles Leclerc
75%
BMW Sauber-Renault-Williams-Alfa Romeo Robert Kubica
50%
No matching quizzes found
Score Distribution
Percent of People with Each Score
Percentile by Number Answered
Your Score History
You have not taken this quiz